Washington or DC? - Statistics

General Stats
  • This quiz has been taken 30 times
  • The average score is 9 of 12
Answer Stats
Hint Explanation Answer % Correct
___ Nationals Major League Baseball Washington
100%
___ Wizards National Basketball Association Washington
93%
___ Defenders United Football League DC
89%
___ Commanders National Football League Washington
89%
___ Mystics Women's National Basketball Association Washington
89%
___ United Major League Soccer DC
85%
___ Capitals National Hockey League Washington
85%
Old Glory ___ Major League Rugby DC
70%
___ Pickleball Team Major League Pickleball DC
70%
___ Spirit National Women's Soccer League Washington
70%
___ Firebirds NCAA Division II (University of the District of Columbia / "UDC") DC
67%
___ Freedom* Major League Cricket Washington
41%
No matching quizzes found
Score Distribution
Percent of People with Each Score
Percentile by Number Answered
Your Score History
You have not taken this quiz